000 00330nam a2200121Ia 4500
008 240624s9999 xx 000 0 und d
041 _aeng
082 _a658.4092 KNI
100 _aKNIPPENBERG DAAN VAN
245 _aLEADERSHIP AND POWER IDENTITY PROCESSES
260 _c2004
_aNew Delhi
_bSage Publications Ltd
300 _a280 : p.
999 _c18257
_d18257